00341nam a2200133Ia 4500008004100000041000800041082001700049100001700066245004500083250001400128260002300142300003300165365000900198240624s9999 xx 000 0 und d aeng a658.4063 MEY aMEYER MARC H aNEW VENTURE CREATION AN INNOVATOR S GUID a(2nd ed.) c2014aLondonbSage axxiii, : 412 : p. : cm. ; 27 cb38